000 00527nam a2200205 a 4500
001 BRCA_6132
005 20190320205338.0
008 050711s1912----gw-#######---#000-0#ger-#
041 _ager
044 _agw
050 4 _aPT2458 .R4
_b.B4 1918
100 1 _aRosegger, Peter
_d1843-1918
_915471
245 1 0 _aDie beiden Hanse
_cvon Peter Rosegger.
260 _aLeipzig, Alemania
_bL. Staackmann
_c1912
300 _a362 p.
_c19 cm.
500 _aK26
650 1 4 _aLiteratura Alemana
_96160
902 _aGFM
942 _2lcc
_cB
999 _c5819
_d5819